<?xml version="1.0" encoding="UTF-8"?>
<record
    xmlns:xsi="http://www.w3.org/2001/XMLSchema-instance"
    xsi:schemaLocation="http://www.loc.gov/MARC21/slim http://www.loc.gov/standards/marcxml/schema/MARC21slim.xsd"
    xmlns="http://www.loc.gov/MARC21/slim">

  <leader>01401nam a2200253 a 4500</leader>
  <controlfield tag="001">40189</controlfield>
  <controlfield tag="003">BD-RjUL</controlfield>
  <controlfield tag="005">20211209053146.0</controlfield>
  <controlfield tag="008">160424s2004    ii a|||| |||| 00| 0 ben d</controlfield>
  <datafield tag="020" ind1=" " ind2=" ">
    <subfield code="a">8187360623</subfield>
    <subfield code="c">: TK 350.00 </subfield>
  </datafield>
  <datafield tag="035" ind1=" " ind2=" ">
    <subfield code="a">(BD-RjUL)40304</subfield>
  </datafield>
  <datafield tag="040" ind1=" " ind2=" ">
    <subfield code="a">BD-RjUL</subfield>
    <subfield code="b">ben </subfield>
    <subfield code="c">BD-RjUL</subfield>
  </datafield>
  <datafield tag="041" ind1=" " ind2=" ">
    <subfield code="a">ben </subfield>
  </datafield>
  <datafield tag="082" ind1=" " ind2=" ">
    <subfield code="2">23 </subfield>
    <subfield code="a">745.09 </subfield>
    <subfield code="b">BAN 2004 </subfield>
  </datafield>
  <datafield tag="245" ind1="0" ind2="0">
    <subfield code="a">&#x9AC;&#x999;&#x997;&#x9C0;&#x9AF;&#x9BC; &#x9B6;&#x9BF;&#x9B2;&#x9CD;&#x9AA; &#x9AA;&#x9B0;&#x9BF;&#x99A;&#x9AF;&#x9BC; :</subfield>
    <subfield code="b">&#x9AC;&#x9BE;&#x982;&#x9B2;&#x9BE; &#x9B8;&#x9BE;&#x9AE;&#x9AF;&#x9BC;&#x9BF;&#x995;&#x9AA;&#x9A4;&#x9CD;&#x9B0;&#x9C7;&#x9B0; &#x9B2;&#x9CB;&#x995;&#x9B6;&#x9BF;&#x9B2;&#x9CD;&#x9AA;-&#x995;&#x9BE;&#x9B0;&#x9C1;&#x9B6;&#x9BF;&#x9B2;&#x9CD;&#x9AA; &#x9AC;&#x9BF;&#x9B7;&#x9AF;&#x9BC;&#x995; &#x9AA;&#x9CD;&#x9B0;&#x9AC;&#x9A8;&#x9CD;&#x9A7; &#x9B8;&#x982;&#x995;&#x9B2;&#x9A8; : &#x9E7;&#x9EF;&#x9E6;&#x9E7;-&#x9E7;&#x9EF;&#x9EB;&#x9E6; /</subfield>
    <subfield code="c">&#x9A6;&#x9C0;&#x9AA;&#x999;&#x9CD;&#x995;&#x9B0; &#x998;&#x9CB;&#x9B7; &#x9B8;&#x982;&#x995;&#x9B2;&#x9A8;, &#x9AE;&#x9BF;&#x9B9;&#x9BF;&#x9B0; &#x9AD;&#x99F;&#x9CD;&#x9B0;&#x9BE;&#x99A;&#x9BE;&#x9B0;&#x9CD;&#x9AF;, &#x9A6;&#x9C0;&#x9AA;&#x999;&#x9CD;&#x995;&#x9B0; &#x998;&#x9CB;&#x9B7; &#x9B8;&#x9AE;&#x9CD;&#x9AA;&#x9BE;&#x9A6;&#x9A8;&#x9BE; </subfield>
  </datafield>
  <datafield tag="260" ind1=" " ind2=" ">
    <subfield code="a">&#x995;&#x9B2;&#x9BF;&#x995;&#x9BE;&#x9A4;&#x9BE; :</subfield>
    <subfield code="b">&#x9B2;&#x9CB;&#x995;&#x9B8;&#x982;&#x9B8;&#x9CD;&#x995;&#x9C3;&#x9A4;&#x9BF; &#x993; &#x986;&#x9A6;&#x9BF;&#x9AC;&#x9BE;&#x9B8;&#x9C0; &#x995;&#x9C7;&#x9A8;&#x9CD;&#x9A6;&#x9CD;&#x9B0;,</subfield>
    <subfield code="c">&#x9E8;&#x9E6;&#x9E6;&#x9EA; </subfield>
  </datafield>
  <datafield tag="300" ind1=" " ind2=" ">
    <subfield code="a">[&#x9E9;&#x9EC;], &#x9EA;&#x9ED;&#x9E7; &#x9AA;&#x9C3;. :</subfield>
    <subfield code="b">&#x99A;&#x9BF;&#x9A4;&#x9CD;&#x9B0; ;</subfield>
    <subfield code="c">&#x9E8;&#x9EA; &#x9B8;&#x9C7;&#x9AE;&#x9BF;. </subfield>
  </datafield>
  <datafield tag="650" ind1=" " ind2=" ">
    <subfield code="a">&#x9B2;&#x9CB;&#x995;-&#x9B6;&#x9BF;&#x9B2;&#x9CD;&#x9AA; </subfield>
    <subfield code="x">&#x987;&#x9A4;&#x9BF;&#x9B9;&#x9BE;&#x9B8; </subfield>
    <subfield code="9">123724</subfield>
  </datafield>
  <datafield tag="650" ind1=" " ind2=" ">
    <subfield code="a">Folk-Arts </subfield>
    <subfield code="x">History </subfield>
    <subfield code="9">123725</subfield>
  </datafield>
  <datafield tag="700" ind1=" " ind2=" ">
    <subfield code="a">&#x998;&#x9CB;&#x9B7;&#x9B6;, &#x9A6;&#x9C0;&#x9AA;&#x999;&#x9CD;&#x995;&#x9B0;, &#x9B8;&#x982;&#x995;&#x9B2;&#x9A8;,  </subfield>
    <subfield code="9">123726</subfield>
  </datafield>
  <datafield tag="700" ind1=" " ind2=" ">
    <subfield code="a">&#x9AD;&#x99F;&#x9CD;&#x9B0;&#x9BE;&#x99A;&#x9BE;&#x9B0;&#x9CD;&#x9AF;, &#x9AE;&#x9BF;&#x9B9;&#x9BF;&#x9B0;, &#x9B8;&#x9AE;&#x9CD;&#x9AA;&#x9BE;&#x9A6;&#x9A8;&#x9BE;</subfield>
    <subfield code="9">242946</subfield>
  </datafield>
  <datafield tag="700" ind1=" " ind2=" ">
    <subfield code="a">&#x998;&#x9CB;&#x9B7;, &#x9A6;&#x9C0;&#x9AA;&#x999;&#x9CD;&#x995;&#x9B0;, &#x9B8;&#x9AE;&#x9CD;&#x9AA;&#x9BE;&#x9A6;&#x9A8;&#x9BE;</subfield>
    <subfield code="9">242947</subfield>
  </datafield>
  <datafield tag="942" ind1=" " ind2=" ">
    <subfield code="2">ddc</subfield>
    <subfield code="c">BK</subfield>
  </datafield>
  <datafield tag="999" ind1=" " ind2=" ">
    <subfield code="c">40189</subfield>
    <subfield code="d">40189</subfield>
  </datafield>
  <datafield tag="952" ind1=" " ind2=" ">
    <subfield code="0">0</subfield>
    <subfield code="1">0</subfield>
    <subfield code="2">ddc</subfield>
    <subfield code="4">0</subfield>
    <subfield code="7">0</subfield>
    <subfield code="8">NFIC</subfield>
    <subfield code="a">RUCL</subfield>
    <subfield code="b">RUCL</subfield>
    <subfield code="c">Stack</subfield>
    <subfield code="d">2008-03-12</subfield>
    <subfield code="e">Dhaka : Paragon Enterprise </subfield>
    <subfield code="g">350.00</subfield>
    <subfield code="l">1</subfield>
    <subfield code="o">B 745.09  BAN 2004</subfield>
    <subfield code="r">2020-02-16 00:00:00</subfield>
    <subfield code="s">2020-02-06</subfield>
    <subfield code="t">C-2</subfield>
    <subfield code="w">2016-04-24</subfield>
    <subfield code="y">BK</subfield>
  </datafield>
  <datafield tag="952" ind1=" " ind2=" ">
    <subfield code="0">0</subfield>
    <subfield code="1">0</subfield>
    <subfield code="2">ddc</subfield>
    <subfield code="4">0</subfield>
    <subfield code="7">0</subfield>
    <subfield code="8">NFIC</subfield>
    <subfield code="a">RUCL</subfield>
    <subfield code="b">RUCL</subfield>
    <subfield code="c">Stack</subfield>
    <subfield code="d">2008-03-12</subfield>
    <subfield code="e">Dhaka : Paragon Enterprise </subfield>
    <subfield code="g">350.00</subfield>
    <subfield code="l">1</subfield>
    <subfield code="o">B 745.09  BAN 2004</subfield>
    <subfield code="r">2021-06-23 00:00:00</subfield>
    <subfield code="s">2021-02-08</subfield>
    <subfield code="t">C-3</subfield>
    <subfield code="w">2016-08-09</subfield>
    <subfield code="y">BK</subfield>
  </datafield>
  <datafield tag="952" ind1=" " ind2=" ">
    <subfield code="0">0</subfield>
    <subfield code="1">0</subfield>
    <subfield code="2">ddc</subfield>
    <subfield code="4">0</subfield>
    <subfield code="7">0</subfield>
    <subfield code="8">NFIC</subfield>
    <subfield code="a">RUCL</subfield>
    <subfield code="b">RUCL</subfield>
    <subfield code="c">Stack</subfield>
    <subfield code="d">2008-03-12</subfield>
    <subfield code="e">Paragon Enterprises Dhaka</subfield>
    <subfield code="g">350.00</subfield>
    <subfield code="l">1</subfield>
    <subfield code="o">B 745.09  BAN 2004</subfield>
    <subfield code="r">2019-04-21 00:00:00</subfield>
    <subfield code="s">2019-04-18</subfield>
    <subfield code="t">C-4</subfield>
    <subfield code="w">2016-11-14</subfield>
    <subfield code="y">BK</subfield>
  </datafield>
  <datafield tag="952" ind1=" " ind2=" ">
    <subfield code="0">0</subfield>
    <subfield code="1">0</subfield>
    <subfield code="2">ddc</subfield>
    <subfield code="4">0</subfield>
    <subfield code="7">1</subfield>
    <subfield code="8">NFIC</subfield>
    <subfield code="a">RUCL</subfield>
    <subfield code="b">RUCL</subfield>
    <subfield code="c">Reading</subfield>
    <subfield code="d">2008-03-12</subfield>
    <subfield code="e">Paragon Entrprise ltd , Dhaka.</subfield>
    <subfield code="g">350.00</subfield>
    <subfield code="l">0</subfield>
    <subfield code="o">B 745.09  BAN 2004</subfield>
    <subfield code="r">2020-12-24 00:00:00</subfield>
    <subfield code="t">C-1</subfield>
    <subfield code="w">2020-12-24</subfield>
    <subfield code="y">BK</subfield>
  </datafield>
</record>
